[Event "Senta op 19th"]
[Site "Senta"]
[Date "2015.07.11"]
[Round "1"]
[White "Mrzic, Branko"]
[Black "Jovanovic, Aleksandar D"]
[Result "0-1"]
[WhiteElo "1877"]
[BlackElo "2240"]
[PlyCount "72"]
[EventDate "2015.07.11"]
[EventType "swiss"]
[EventRounds "9"]
[EventCountry "SRB"]
[SourceTitle "EXT 2016"]
[Source "ChessBase"]
[SourceDate "2015.10.08"]
[SourceVersion "1"]
[SourceVersionDate "2015.10.08"]
[SourceQuality "1"]

1. d4 Nf6 2. c4 g6 3. Nc3 d5 4. cxd5 Nxd5 5. Qb3 Nb6 6. Nf3 Bg7 7. e3 0-0 8. Be2 Nc6 9. Qa3 a5 10. Bd2 Bg4 11. Rc1 e5 12. d5 Nxd5 13. Nxd5 Qxd5 14. Bc4 Qd6 15. Qb3 Nd8 16. Ng5 Qe7 17. Ne4 Kh8 18. h3 Bc8 19. 0-0 f5 20. Ng3 b6 21. Qc2 Bb7 22. a3 Nf7 23. b4 axb4 24. axb4 Nd6 25. Rfd1 f4 26. Nh1 Qg5 27. Bf1 Rf7 28. exf4 exf4 29. Bc3 Nf5 30. Bxg7+ Kxg7 31. Qc3+ Kh6 32. Rd3 Nh4 33. f3 Ra2 34. Nf2 Qg3 35. Ng4+ Kh5 36. Nh2 Rxg2+ 0-1

[Event "Senta-ch"]
[Site "Senta"]
[Date "2014.01.31"]
[Round "4"]
[White "Mrzic, Branko"]
[Black "Aleksic, Zvonimir"]
[Result "1/2-1/2"]
[WhiteElo "1855"]
[BlackElo "1936"]
[PlyCount "121"]
[EventDate "2014.01.24"]
[EventType "swiss"]
[EventRounds "9"]
[EventCountry "SRB"]
[SourceTitle "EXT 2016"]
[Source "ChessBase"]
[SourceDate "2015.10.08"]
[SourceVersion "1"]
[SourceVersionDate "2015.10.08"]
[SourceQuality "1"]

1. e4 e6 2. d4 d5 3. Nc3 Nf6 4. Bg5 Be7 5. e5 Nfd7 6. Bxe7 Qxe7 7. f4 a6 8. a3 c5 9. Nf3 Nc6 10. Ne2 b5 11. c3 cxd4 12. cxd4 Nb6 13. b3 Bd7 14. Nc1 Rc8 15. Nd3 Rc7 16. Nc5 Bc8 17. b4 Nd7 18. Be2 Nxc5 19. dxc5 0-0 20. 0-0 f6 21. Qd2 Bd7 22. Bd3 f5 23. Bc2 Be8 24. a4 a5 25. axb5 Nxb4 26. Kh1 Rxc5 27. Ba4 Bxb5 28. Bxb5 Rxb5 29. Nd4 Rc5 30. Nb3 Rc2 31. Qd4 Rc4 32. Qb6 Nd3 33. Nxa5 Rxf4 34. Rxf4 Nxf4 35. Qe3 Ng6 36. Nc6 Qc7 37. Rc1 Re8 38. g3 Qb7 39. Nd4 Qa7 40. h4 f4 41. gxf4 Nxh4 42. Qd3 Qa2 43. Qc2 Qa7 44. Qc5 Qf7 45. Ne2 Qh5 46. Qf2 Ng6+ 47. Kg1 Rf8 48. Rf1 Nxe5 49. Qg2 Ng6 50. Qf3 Qf5 51. Rf2 Rb8 52. Nd4 Qb1+ 53. Kh2 Qe1 54. f5 Qe5+ 55. Qg3 Qxd4 56. Qxb8+ Nf8 57. Qg3 exf5 58. Rxf5 Qd2+ 59. Rf2 Qh6+ 60. Kg2 Qg6 61. Rd2 1/2-1/2

[Event "Senta op-B 17th"]
[Site "Senta"]
[Date "2013.07.18"]
[Round "7"]
[White "Mrzic, Branko"]
[Black "Cvetanovic, Damjan"]
[Result "0-1"]
[WhiteElo "1875"]
[BlackElo "1915"]
[PlyCount "88"]
[EventDate "2013.07.13"]
[EventType "swiss"]
[EventRounds "9"]
[EventCountry "SRB"]
[SourceTitle "EXT 2014"]
[Source "ChessBase"]
[SourceDate "2013.11.20"]
[SourceVersion "1"]
[SourceVersionDate "2013.11.20"]
[SourceQuality "1"]

1. d4 Nf6 2. f4 c5 3. e3 e6 4. Nf3 d5 5. g3 g6 6. Bg2 Bg7 7. 0-0 0-0 8. c3 Nc6 9. Ne5 Nd7 10. Nd2 Qe7 11. Ndf3 Rb8 12. Qa4 Ncxe5 13. fxe5 a6 14. Qc2 b5 15. e4 Bb7 16. exd5 Bxd5 17. Bf4 b4 18. Qd2 bxc3 19. bxc3 cxd4 20. cxd4 Qa3 21. Bh6 Rb2 22. Qf4 Rxa2 23. Rxa2 Qxa2 24. Qd2 Bxh6 25. Qxh6 Rb8 26. Qh3 Rb1 27. Ng5 Rxf1+ 28. Bxf1 h5 29. Qh4 Qd2 30. Qf4 Qxf4 31. gxf4 Bb7 32. Bg2 Bxg2 33. Kxg2 a5 34. Ne4 a4 35. Nc3 a3 36. Kf3 Nb6 37. Na2 Nd5 38. Ke4 Kf8 39. h4 Ne7 40. Nb4 Nf5 41. Na2 Nxh4 42. d5 exd5+ 43. Kxd5 Ke7 44. Nb4 Nf5 0-1

[Event "Senta op-B 17th"]
[Site "Senta"]
[Date "2013.07.14"]
[Round "2"]
[White "Mrzic, Branko"]
[Black "Dinic, Nenad"]
[Result "0-1"]
[WhiteElo "1875"]
[BlackElo "2011"]
[PlyCount "152"]
[EventDate "2013.07.13"]
[EventType "swiss"]
[EventRounds "9"]
[EventCountry "SRB"]
[SourceTitle "EXT 2014"]
[Source "ChessBase"]
[SourceDate "2013.11.20"]
[SourceVersion "1"]
[SourceVersionDate "2013.11.20"]
[SourceQuality "1"]

1. d4 Nf6 2. Nf3 g6 3. c4 Bg7 4. Nc3 d6 5. e4 0-0 6. h3 c5 7. Be3 Qa5 8. Qd2 cxd4 9. Nxd4 Nc6 10. Be2 Bd7 11. Rd1 Rfc8 12. 0-0 a6 13. Nb3 Qd8 14. f4 Rab8 15. Bf3 b6 16. Nd5 Ne8 17. Qf2 Be6 18. Nxb6 Rc7 19. Nd5 Rcb7 20. e5 Qc8 21. exd6 Nxd6 22. Rc1 a5 23. Nc5 Rxb2 24. Qh4 Nf5 25. Qe1 Nxe3 26. Nxe3 Bd4 27. Nb3 Rxa2 28. Nxd4 Nxd4 29. Nd5 Nxf3+ 30. Rxf3 Qc5+ 31. Qe3 Qxe3+ 32. Nxe3 a4 33. Rf2 Rxf2 34. Kxf2 Rb2+ 35. Kf3 a3 36. Rc3 a2 37. Ra3 Kg7 38. Ra7 Bc8 39. Ke4 Bb7+ 40. Kd4 Bc6 41. g4 Kf8 42. Kc5 Be4 43. Nd5 Bb1 44. Nc3 Ke8 45. f5 gxf5 46. gxf5 f6 47. Nd5 Re2 48. Nc3 Re5+ 49. Kb4 Bxf5 50. Rxa2 Bxh3 51. Rh2 Bf5 52. Rd2 Bd7 53. Nd5 Bc6 54. Nb6 h5 55. c5 h4 56. Rh2 Rh5 57. Nc4 Kd7 58. Rd2+ Kc7 59. Re2 e5 60. Rf2 Rh6 61. Ne3 h3 62. Rh2 Rh5 63. Nd1 Bg2 64. Ne3 Rg5 65. Kc4 Kc6 66. Nd1 Rg4+ 67. Kc3 Kxc5 68. Nf2 Rg3+ 69. Kd2 Kd4 70. Ke2 e4 71. Ke1 f5 72. Nd1 f4 73. Nf2 Rb3 74. Nd1 e3 75. Ke2 Rb1 76. Ke1 Bf3 0-1

[Event "Senta op-B 14th"]
[Site "Senta"]
[Date "2010.07.19"]
[Round "4"]
[White "Milosevic, Rade"]
[Black "Mrzic, Branko"]
[Result "1-0"]
[WhiteElo "2120"]
[BlackElo "1928"]
[PlyCount "53"]
[EventDate "2010.07.17"]
[EventType "swiss"]
[EventRounds "9"]
[EventCountry "YUG"]
[SourceTitle "EXT 2011"]
[Source "ChessBase"]
[SourceDate "2010.11.26"]
[SourceVersion "1"]
[SourceVersionDate "2010.11.26"]
[SourceQuality "1"]

1. Nf3 d5 2. d4 Nf6 3. c4 c6 4. e3 Bg4 5. Nc3 e6 6. h3 Bh5 7. a3 Nbd7 8. Bd2 Bd6 9. cxd5 exd5 10. Be2 0-0 11. b4 a6 12. Na4 Ne4 13. Nc5 Bxc5 14. bxc5 Re8 15. 0-0 f5 16. Rb1 Rb8 17. Rb3 Bxf3 18. Bxf3 Ndf6 19. g3 Qc7 20. Bg2 b6 21. cxb6 Qb7 22. Kh2 Nd7 23. Ba5 Nd6 24. a4 Nc4 25. Qe1 c5 26. Qc3 Qc6 27. Qxc4 1-0